HOTEL HOUSEKEEPING OPERATION & MGMT. (Record no. 7040)

MARC details
000 -LEADER
fixed length control field 00329nam a2200133Ia 4500
008 - FIXED-LENGTH DATA ELEMENTS--GENERAL INFORMATION
fixed length control field 150301s2013 xx 000 0 und d
082 ## - DEWEY DECIMAL CLASSIFICATION NUMBER
Classification number 648
Item number RAG
100 ## - MAIN ENTRY--PERSONAL NAME
Personal name RAGHUBALAN, G
245 ## - TITLE STATEMENT
Title HOTEL HOUSEKEEPING OPERATION & MGMT.
250 ## - EDITION STATEMENT
Edition statement 2ND
260 ## - PUBLICATION, DISTRIBUTION, ETC. (IMPRINT)
Name of publisher, distributor, etc. OXFORD UNIVERSITY PRESS.
Date of publication, distribution, etc. 2013
300 ## - PHYSICAL DESCRIPTION
Extent 732
942 ## - ADDED ENTRY ELEMENTS (KOHA)
Source of classification or shelving scheme Dewey Decimal Classification
Koha item type Books
Koha issues (borrowed), all copies 47
Holdings
Withdrawn status Lost status Source of classification or shelving scheme Damaged status Not for loan Collection code Home library Current library Date acquired Source of acquisition Cost, normal purchase price SGTU Bill Number Total Checkouts Full call number Barcode Date last seen Date last checked out Bill Date Koha item type Total Renewals
    Dewey Decimal Classification     HOTEL MANAGEMENT SGT Science & Social Sciences Library SGT Science & Social Sciences Library 02/07/2015 R.K BOOKS 595.00 SGTU IN568 17 648 RAG HM144 12/01/2023 04/01/2023 26/06/2015 Books  
    Dewey Decimal Classification     HOTEL MANAGEMENT SGT Science & Social Sciences Library SGT Science & Social Sciences Library 02/07/2015 R.K BOOKS 595.00 SGTU IN568 29 648 RAG HM145 13/06/2024 11/06/2024 26/06/2015 Books  
    Dewey Decimal Classification     HOTEL MANAGEMENT SGT Science & Social Sciences Library SGT Science & Social Sciences Library 02/07/2015 R.K BOOKS 595.00 SGTU IN568 23 648 RAG HM146 09/04/2024 04/04/2024 26/06/2015 Books  
    Dewey Decimal Classification     HOTEL MANAGEMENT SGT Science & Social Sciences Library SGT Science & Social Sciences Library 02/07/2015 R.K BOOKS 595.00 SGTU IN568 24 648 RAG HM147 19/03/2025 04/03/2025 26/06/2015 Books  
    Dewey Decimal Classification     HOTEL MANAGEMENT SGT Science & Social Sciences Library SGT Science & Social Sciences Library 02/07/2015 R.K BOOKS 595.00 SGTU IN568 25 648 RAG HM148 21/11/2024 08/11/2024 26/06/2015 Books 1